000 00727nam a22002657a 4500
008 130512b xxu||||| |||| 00| 0 eng d
020 _a81-203-0797-6
024 _cavailable
037 _cavailable
040 _aMBSTU LIbrary
_dMBSTU Library
082 _222
_a547 MOS
100 _aMorrison, Robert Thornton
110 _aBoyd, Robert Neilson
245 _aStudy guide to organic chemistry
250 _a 6th edition
260 _aNew Delhi
_bPrantic Hall
_c1998
300 _a27 cm
_b723 page
_f3
_g27 cm
600 _aOrganic Chemistry
610 _a
700 _aBoyd, Robert Neilson
270 _aNew Delhi
_bNew Delhi
_dIndia
365 _b530.00
_d530.00
942 _2ddc
_cBK
999 _c348
_d348